Abstrakte Filmbeschreibungen - Statistiken

Allgemein
  • Dieses Quiz wurde 155 mal gespielt
  • Das Durchschnittsergebnis liegt bei 6 aus 30
Antwortstatistiken
Hint Antwort % Korrekt
Ein jugendlicher Zauberer kämpft gegen das Böse in einer magischen Schule. Harry Potter
94%
Ein animierter Löwe kämpft um seinen rechtmäßigen Platz als König König der Löwen
82%
Ein Clown tanzt auf den Scherben der Gesellschaft. Joker
69%
Eine junge Frau kämpft mit einem mutigen Bogen in einer dystopischen Welt. Die Tribute von Panem
56%
Ein Mann reist durch Träume, um Spione zu enttarnen. Inception
56%
Ein Mann kommuniziert über Jahre hinweg mit einem Fußball. Cast Away – Verschollen
41%
Ein junger Mann erlebt immer wieder denselben Tag. Und täglich grüßt das Murmeltier
31%
Ein Ermittler und sein Partner jagen einen Serienmörder, der von den Todsünden besessen ist. Sieben
25%
Ein Trupp Soldaten sucht nach einem vermissten Kameraden Der Soldat James Ryan
23%
Ein mächtiger Mann an der Spitze einer kriminellen Dynastie erlebt den Aufstieg und Fall seiner Familie. Der Pate
20%
Ein pensionierter Geheimagent kämpft um die Sicherheit seiner Tochter. 96 Hours
18%
Eine ungewöhnliche Freundschaft überwindet Barrieren des Schicksals. Ziemlich beste Freunde
17%
Zwei ungleiche Männer kämpfen gegen die Ungerechtigkeiten des Gefängnissystems, während sie Hoffnung und Freundschaft finden. Die Verurteilten
14%
Ein befreiter Sklave schreibt seine eigene Rache in die Geschichte, unterstützt von einem ungewöhnlichen Verbündeten. Django Unchained
14%
Ein einfacher Mann erlebt außergewöhnliche Lebensabenteuer und hinterlässt einen bleibenden Einfluss auf die Welt um ihn herum. Forrest Gump
14%
Eine Gruppe von Freunden sucht einen verschollenen Schatz, um ihre Kindheitsabenteuer zu vollenden. Die Goonies
12%
Ein tapferer Krieger kämpft für die Freiheit seines Volkes. Braveheart
10%
Ein paranoider Taxifahrer findet einen Sinn in der Gewalt. Fight Club
8%
Eine Familie kämpft ums Überleben inmitten außerirdischer Invasoren. Krieg der Welten
8%
Ein Mann kämpft in der erbarmungslosen Natur ums Überleben und Rache. The Revenant
7%
Ein künstlicher Mensch sucht nach seiner eigenen Identität. Blade Runner
5%
Eine dunkle Satire über soziale Klassenunterschiede entfaltet sich in unerwarteten Wendungen. Parasite
4%
Eine musikalische Reise in das Reich der Erinnerungen. Coco
1%
Ein Vater und sein Sohn kämpfen ums Überleben in einer postapokalyptischen Welt. The Road
1%
Ein Mann reist durch die Zeit, um einen Serienmörder zu stoppen. Zurück in die Zukunft
1%
Ein Mann entdeckt seine außergewöhnlichen Fähigkeiten, während er durch die Zeit reist. Chronicle
0%
Eine Gruppe von Reisenden wird in einem metallenen Vogel gefangen und muss zusammenarbeiten, um zu überleben und nach Hause zurückzukehren Herr der Ringe
0%
Ein Mann kämpft mit seiner eigenen Paranoia und dem Konzept der Realität. Memento
0%
Eine Gruppe von Straftätern kämpft gegen übernatürliche Wesen in einer dystopischen Zukunft. Priest
0%
Ein blinder Musiker erlebt ein unglaubliches Abenteuer im Dschungel. Soul
0%
Keine übereinstimmenden Quizze gefunden
Verteilung der Resultate
Anzahl Personen mit jedem Resultat
Perzentil nach korrekt beantworteten Fragen
Ihre Resultats-Entwicklung
Sie haben dieses Quiz noch nicht gespielt